000 00324nam a2200121Ia 4500
005 20251222141858.0
008 251222s9999||||xx |||||||||||||| ||spa||
082 _a408.985/W73
100 _aWise, Mary Ruth
245 0 _aCohesión y Enfoque en Textos y Discursos
264 _bInstituto Lingüístico de Verano
942 _cLIB
999 _c7953
_d7953